000 00767nam a2200217Ia 4500
003 GCL
005 20240530104926.0
008 140319s9999 xx 000 0 ara d
040 _aGCL /
_cGCL
082 0 4 _a325.0944
_bش ه
100 1 _aشريف الشوباشى
245 1 0 _aهل فرنسا عنصرية :
_bاشكالية الهجرة العربية والاسلامية فى اوربا /
_cشريف الشوباشى
260 _aالقاهرة :
_bوكالة الاهرام للتوزيع ،
_c1992
300 _a211 ص
490 _aالهيئة العامة للاستعلامات
_v0
650 0 4 _aالسكان الاجانب
650 0 4 _aالهجرة
650 0 4 _aالمهاجرون
650 0 4 _aفرنسا - الهجرات
942 _2ddc
_cBK
999 _c51814
_d51814